书目信息 |
| 题名: |
国际经济合作
|
|
| 作者: | 崔日明 , 李兵 , 刘文革 编 | |
| 分册: | ||
| 出版信息: | 北京 机械工业出版社 2010 |
|
| 页数: | 317页 | |
| 开本: | 24cm | |
| 丛书名: | ||
| 单 册: | ||
| 中图分类: | F114.4 | |
| 科图分类: | ||
| 主题词: | 国际合作--经济合作--高等教育--教材 , 国际合作 , 经济合作 | |
| 电子资源: | ||
| ISBN: | 978-7-111-26922-9 | |
| 000 | 01051nam0 2200301 45 | |
| 001 | 1050922015 | |
| 005 | 20100415164847.93 | |
| 010 | @a978-7-111-26922-9@dCNY37.00 | |
| 100 | @a20100405e2010 em y0chiy0110 ea | |
| 101 | 0 | @achi |
| 102 | @aCN@b110000 | |
| 105 | @ay z 000yy | |
| 106 | @ar | |
| 200 | 1 | @a国际经济合作@AGuo Ji Jing Ji He Zuo@f崔日明,李兵,刘文革编@FCui Ri Ming, Li Bing, Liu Wen Ge Bian |
| 205 | @a2版 | |
| 210 | @a北京@c机械工业出版社@d2010 | |
| 215 | @a317页@d24cm | |
| 300 | @a普通高等教育“十一五”国家级规划教材 普通高等教育国际经济与贸易专业规划教材 | |
| 330 | @a本书主要内容有:国际经济合作概论、国际经济合作理论、国际直接投资、国际间接投资、国际资本合作新形式、国际劳务合作与国际工程承包、国际租赁等。 | |
| 606 | 0 | @a国际合作@x经济合作@x高等教育@j教材 |
| 606 | 0 | @a国际合作 |
| 606 | 0 | @a经济合作 |
| 690 | @aF114.4@v4 | |
| 701 | 0 | @a崔日明@ACui Ri Ming@4编 |
| 701 | 0 | @a李兵@ALi Bing@4编 |
| 701 | 0 | @a刘文革@ALiu Wen Ge@4编 |
| 801 | 0 | @aCN@bTANGWEI@c20100415 |
| 905 | @b0591788-90@dF114.4@e145=2@f3 | |
| 国际经济合作/崔日明,李兵,刘文革编.-2版.-北京:机械工业出版社,2010 |
| 317页;24cm |
| 普通高等教育“十一五”国家级规划教材 普通高等教育国际经济与贸易专业规划教材 |
| ISBN 978-7-111-26922-9:CNY37.00 |
| 本书主要内容有:国际经济合作概论、国际经济合作理论、国际直接投资、国际间接投资、国际资本合作新形式、国际劳务合作与国际工程承包、国际租赁等。 |
| ● |
| 相关链接 |
|
|
|
|
正题名:国际经济合作
索取号:F114.4/145=2
 
预约/预借
| 序号 | 登录号 | 条形码 | 馆藏地/架位号 | 状态 | 备注 |
| 1 | 0591788 | 205917882 | 第一样本阅览室/ [索取号:F114.4/145=2] | 在馆 | |
| 2 | 0591789 | 205917891 | 密集书库-海洋学院/ [索取号:F114.4/145=2] | 在馆 | |
| 3 | 0591790 | 205917908 | 第一借阅区/ [索取号:F114.4/145=2] | 在馆 |